Geboren in Trier - Statistiken

Allgemein
  • Dieses Quiz wurde 81 mal gespielt
    16 seit der letzten Aktualisierung
  • Das Durchschnittsergebnis liegt bei 2 aus 7
Antwortstatistiken
Hinweis Antwort % Korrekt
Verfasser des "Kommunistischen Manifests" zusammen mit Engels 1813 Karl Marx
93%
Schlagersänger und ESC-Teilnehmer, "Guildo hat euch lieb!" 1953 Guildo Horn
86%
SPD-Politikerin und seit 2025 Bundesministerin für Wohnen und Bauwesen 1987 Verena Hubertz
36%
SPD-Politikerin und Finanzministerin von Rheinland-Pfalz 1964 Doris Ahnen
14%
luxemburgisch-deutscher Sportmoderator, "Mister Sportschau" 1927 Ernst Huberty
0%
Basketballnationalspieler, ALBA Berlin 1994 Johannes Thiemann
0%
Schauspieler, "Babylon Berlin" "Mit meinen heißen Tränen" 1953 Udo Samel
0%
Keine übereinstimmenden Quizze gefunden
Verteilung der Resultate
Anzahl Personen mit jedem Resultat
Perzentil nach korrekt beantworteten Fragen
Ihre Resultats-Entwicklung
Sie haben dieses Quiz seit der letzten Aktualisierung nicht gespielt